000 00682nam a2200289Ia 4500
005 20260324132324.0
008 008 260324s9999 xx 000 0 eng d
020 _a9780203787595
037 _aEBOOK
040 _aCRL
040 _beng
040 _cCRL
041 _2eng
041 _aeng
084 _qCRL
100 _aStuart A. Marks
_91188841
245 0 _aLarge Mammals and a Brave People
245 0 _bSubsistence Hunters in Zambia
260 _bTaylor and Francis
260 _c2005
365 _a
365 _b230
856 _uhttp://www.taylorfrancis.com/books/9780203787595
942 _cEBOOK
999 _c1786854
_d1786854